| 000 | 00492nam a22001457a 4500 | ||
|---|---|---|---|
| 003 | 0 | ||
| 005 | 20221117101329.0 | ||
| 008 | 221117b xxu||||| |||| 00| 0 eng d | ||
| 050 |
_aHD28 _b.Sa25 2019 |
||
| 245 |
_aPoint of sale and inventory system for the vaping shed _cMatthieu D. Saldana |
||
| 260 |
_aLas Pinas City, Philippines _bSouthville International School and Colleges _cC2019 |
||
| 300 |
_axii,90pp. _c28cm. _fTheses |
||
| 500 | _aPoint of sale and inventory system. | ||
| 942 |
_2lcc _cTH |
||
| 999 |
_c364904 _d364904 |
||